Регионална библиотека "Любен Каравелов" - Русе

Забранена страст (Запис номер 6684)

MARC детайли
000 -Лидер
Контролно поле с фиксирана дължина 01195nam a2200313 c 4500
003 - Код на организацията, давaща контролен номер
Контролно поле BLK
005 - Дата и час на последна редакция
Контролно поле 20180420214126.0
008 - Елементи от данни с фиксирана дължина
fixed length control field 180412b bul|||||r ||||||| ||bul||
010 ## - Наследен системен номер
LC control number KNG00007937000
020 ## - Международен стандартен номер на книга ISBN
Международен стандартен номер на книга ISBN 954-8181-73-8
-- издат.: Компас - на том(кн. 2)
040 ## - Източник на каталожния запис
Идентификатор на билиотеката - собственик на записа BLK
041 ## - Код за език
Код за езика на текст/звукозапис или на отделно заглавие Български
Код за езика КДБФ Български
080 ## - УДК
Текстов определител УДК Американска литература (на САЩ)
УДК код - определител по УДК 821.111(73)
УДК определител -31
УДК - код + определител 821.111(73)-31
100 1# - Редна дума - Автор
Автор Канфийлд, Сандра
Авторска отговорност първи автор
R(LIN) 251746
139 ## - Редно поле
Редна дума Канфийлд, Сандра
Авторски знак Кел - К 50
245 10 - Сведения за заглавието
Заглавие Забранена страст
Подзаглавни данни Роман : T. 1 - 2
Редно поле (дума) Сандра Канфийлд.
Том Кн. 2
257 ## - Страна на издаване
Страна на създаване/издаване Съединени американски щати
260 ## - Област на издателските данни
-- Варна
Година на издаване 1995
Печатница В. Търново : Абагар
300 ## - Физическа характеристика
Размери/Мащаб 20 см
380 ## - Жанр
Жанр Худож. лит.
490 1# - СЕРИИ (Колекции)
Име на серия Романите на розата
№: серия 39
500 ## - Общи забележки
Забележка Ориг. загл. Dark journey / Sandra Canfield ; 5 000 тир.
760 1# - Описание на основната серия
-- - на том(кн. 2)
Редна дума на основното описание Канфийлд, Сандра
Място на издаване, издател и година Компас
Страници - том 229 с.
Заглавие Кн. 2
852 ## - Местоположение
Форматна сигнатура Цб 183298
856 4# - Електронен адрес и достъп
Електронен формат pdf - файл
Път до файла /url/
856 4# - Електронен адрес и достъп
Електронен формат pdf - файл
Път до файла /url/
942 ## - АРТИКУЛИ
Вид на библиотечния материал Книги
Скрит в OPAC Не
944 ## - СЪЗДАВАНЕ И РЕДАКЦИЯ на ЗАПИСА
Създаване/Редакция Създаване
Дата на регистрацията/редакция 15.01.2003
Служител, извършил регистрацията/редакцията Симона_Петрова
944 ## - СЪЗДАВАНЕ И РЕДАКЦИЯ на ЗАПИСА
Създаване/Редакция Редакция
Дата на регистрацията/редакция 01.10.2014
Служител, извършил регистрацията/редакцията
999 ## - СИСТЕМНИ КОНТРОЛНИ НОМЕРА
Koha biblionumber 6684
Koha biblioitemnumber 6684
Наличности
Код за отписване Код за изгубен артикул Източник на класификационната схема Код за повреда Коз за рестрикции Код за отдаване Артикулен № Име на библиотеката - собственик Име на библиотеката, в която се намира в момента Статус (Текущо местоположение) Дата на вписване в системата Местоположение - отдел Цена в лева Инвентарен номер Систематично азбучна сигнатура Баркод Номер на екземпляра Цена в евро Служебна бележка Служебен тип на артикула
  Не е изгубен Universal Decimal Classification Не е повреден без рестрикции ползва се в читалня 11629 Регионална библиотека "Любен Каравелов" Русе Регионална библиотека "Любен Каравелов" Русе Хранилище 1995-01-01 Хранилище 0.72 614106 Цб 183298 120000614106 1 0.37 Дост: Dp Вид: Д N: стар фонд Дата: 01.01.1995 Дата инв: 01.10.2014 Бележки инв: Цб2014 Книги
Vip Innovations Ltd, Rousse, Bulgaria 2025